| 000 | 00901 a2200277 4500 | ||
|---|---|---|---|
| 999 |
_c342768 _d342768 |
||
| 003 | OSt | ||
| 005 | 20181220062306.0 | ||
| 008 | 160425b xxu||||| |||| 00| 0 eng d | ||
| 020 | _a8188421030 | ||
| 020 | _a9788188421039 | ||
| 038 | _awaseem | ||
| 040 | _c0 | ||
| 082 |
_a332.7 _bCOY |
||
| 100 |
_aCoyle Brian. _912730 |
||
| 245 | 0 | 0 |
_aMeasuring Credit Risk / _cBrain Coyle |
| 260 |
_a[S.l.] : _bUnique Sellers & Co, _c2002. |
||
| 300 | _a1 v. (unpaged) | ||
| 500 | _aHardcover. | ||
| 650 | 4 |
_aCredit & credit institutions. _912731 |
|
| 650 | 4 |
_aBusiness & Economics / Finance. _912732 |
|
| 650 | 4 |
_aEconomics. _91437 |
|
| 650 | 4 |
_aFinance & Accounting. _912733 |
|
| 856 | 4 | 0 |
_3Amazon.com _uhttp://www.amazon.com/exec/obidos/ASIN/8188421030/chopaconline-20 |
| 856 | 4 | 0 |
_3Amazon customer reviews _uhttp://www.chopac.org/cgi-bin/tools/azrev.pl?q=8188421030 |
| 942 |
_aNBS _cBK _k658.15 COY _2ddc |
||